000 00584nam a22001817a 4500
999 _c162867
_d162867
005 20190323112006.0
010 _aENG-124912
020 _a8185883823
_c250.00
035 _aEN-108444
037 _bDBAD/PUB
082 _a294.543
100 _aJyotirmayananda, Swami
245 _aYoga quotations/
_cby Swami Jyotirmayananda
260 _aGhaziabad, (U.P)
_bInternational Yoga Society
_c2013
270 _aLal Bagh, Loni
_bGhaziabad
_e201102
_k0120-2600237, 0120-2686938
_miysindia@gmail.com
300 _a264p.
_c21cm(pbk)
_bill.
942 _2ddc
_cEN
_h294.543
_mJYO